Chránená dielňa ako príležitosť na pracovné uplatnenie občanov so zdravotným postihnutím diplomová práca

Salvato in:
Dettagli Bibliografici
Autore principale: Chiusoliová, Barbara
Ente Autore: Národohospodárska fakulta EU. Katedra sociálneho rozvoja a práce
Altri autori: Pongráczová, Eva, 1971-
Natura: Libro
Lingua:slovacco
Pubblicazione: Bratislava 2013
Tags: Aggiungi Tag
Nessun Tag, puoi essere il primo ad aggiungerne!!

MARC

LEADER 00000nbm a2200000 4500
001 0169223
005 20161109102249.0
041 0 |a slo 
044 |a SK 
245 1 0 |a Chránená dielňa ako príležitosť na pracovné uplatnenie občanov so zdravotným postihnutím  |b diplomová práca  |c Barbara Chiusoliová ; školiteľ: Eva Pongráczová 
264 1 |a Bratislava  |c 2013 
300 |a 107 s. 
100 1 |a Chiusoliová, Barbara 
700 1 |a Pongráczová, Eva, 1971- 
710 2 |a Národohospodárska fakulta EU. Katedra sociálneho rozvoja a práce